Top scorers for France in the 21st century - Statistics

General Stats
  • This quiz has been taken 38 times
  • The average score is 14 of 25
Answer Stats
Answer % Correct
Kylian Mbappe
100%
Antoine Griezmann
97%
Thierry Henry
97%
Olivier Giroud
94%
Zinedine Zidane
91%
Paul Pogba
82%
Karim Benzema
79%
Ousmane Dembele
79%
Franck Ribery
73%
David Trezeguet
70%
Nicolas Anelka
52%
Sylvain Wiltord
52%
Blaise Matuidi
45%
Kingsley Coman
45%
Robert Pires
45%
Mathieu Valbuena
39%
Randal Kolo Muani
39%
Dimitri Payet
36%
Adrien Rabiot
33%
Andre Pierre Gignac
33%
Benjamin Pavard
30%
Florent Malouda
30%
Djibril Cisse
24%
Sidney Govou
18%
Loic Remy
6%
No matching quizzes found
Score Distribution
Percent of People with Each Score
Percentile by Number Answered
Your Score History
You have not taken this quiz